El pensamiento salvaje
Saved in:
| Main Author: | |
|---|---|
| Format: | Book |
| Language: | Spanish |
| Published: |
Ciudad de México
Fondo de Cultura Económica
1964
|
| Series: | Breviarios del Fondo Cultura Económica, 173
|
| Subjects: | |
| Tags: |
Add Tag
No Tags, Be the first to tag this record!
|
MARC
| LEADER | 00000cam a2200000 a 4500 | ||
|---|---|---|---|
| 001 | UCW5640 | ||
| 003 | CL-VaPUC | ||
| 008 | 910715e19640000MX |||||||||||||||||spa|d | ||
| 020 | |a 9681609336 | ||
| 082 | 0 | 4 | |a 301.7 |b LEV |2 21 |
| 100 | |a Lévi-Strauss, Claude |e author |9 265689 | ||
| 245 | 1 | 3 | |a El pensamiento salvaje |
| 300 | |a 413 p | ||
| 942 | |c BK | ||
| 945 | |d 19910715 00:00:00 |a aalvarez | ||
| 260 | |a Ciudad de México |b Fondo de Cultura Económica |c 1964 | ||
| 650 | 7 | |a SOCIEDADES PRIMITIVAS |2 CL-VaPUC |9 266737 | |
| 650 | 7 | |a TOTEMISMO |2 CL-VaPUC |9 266738 | |
| 583 | |a last modification |c 20131011 07:23:03 |k Rodrigo Vera | ||
| 490 | 0 | |a Breviarios del Fondo Cultura Económica, 173 | |
| 999 | |c 218994 |d 218992 | ||
| 952 | |0 0 |1 0 |4 0 |6 301_700000000000000_LEV_1964 |7 0 |8 A |9 209404 |a BIBEDU |b BIBEDU |d 2019-11-15 |i 2772892 |o 301.7 LEV 1964 |p 2772892 |r 2019-11-15 |w 2019-11-15 |y BK |k EDU | ||
| 952 | |0 0 |1 0 |4 0 |6 301_700000000000000_LEV_1964 |7 0 |8 A |9 209405 |a BIBTEO |b BIBTEO |d 2019-11-15 |i 2970821 |o 301.7 LEV 1964 |p 2970821 |r 2025-01-17 |w 2019-11-15 |y BK |k ICR | ||
| 952 | |0 0 |1 0 |4 0 |6 301_700000000000000_LEV_1964 |7 0 |8 A |9 209406 |a BIBEDU |b BIBEDU |d 2019-11-15 |i 1586467 |l 1 |o 301.7 LEV 1964 |p 1586467 |r 2024-05-22 |s 2024-05-16 |w 2019-11-15 |y BK |k FIL | ||
| 952 | |0 0 |1 0 |4 0 |6 301_700000000000000_LEV_1964 |7 0 |8 P |9 209407 |a BIBENE |b BIBENE |d 2019-11-15 |i 1404164 |o 301.7 LEV 1964 |p 1404164 |r 2025-01-15 |w 2019-11-15 |y BK |k ICO | ||
| 952 | |0 0 |1 0 |4 0 |6 301_700000000000000_LEV_1964 |7 0 |8 A |9 209408 |a BIBART |b BIBART |d 2019-11-15 |i 1204858 |o 301.7 LEV 1964 |p 1204858 |r 2025-03-13 |w 2019-11-15 |y BK |k ART | ||
| 952 | |0 0 |1 0 |3 erb |4 0 |6 301_700000000000000_LEV_1964 |7 0 |8 A |9 209409 |a BIBEDU |b BIBEDU |d 2019-11-15 |i 5019524 |o 301.7 LEV 1964 |p 5019524 |r 2019-11-15 |w 2019-11-15 |y BK |z Catalogado en:20131018 |k PSI | ||